000 00315nam a22001457a 4500
020 _a5-05-111319-4
082 _a894.812.3
_bDUB/K
100 _aDHOOBHOV N
245 _aKADALORATTH ORU BALAN
260 _aTHIRUVANANTHAPURAM
_bPRABHATH BOOKS
300 _a399
520 _aNOVEL
650 _aNOVEL
942 _cBK
999 _c4859
_d4859